000 00949nam0a22002531 4500
001 rc\2813716
005 20250806210921.0
035 _a(NLR Aleph) 006939512
090 _a38275
_c38275
100 _a20110915d1945 u y0rusy50 ca
101 0 _arus
102 _aRU
105 _aa z |||||
200 1 _aРадиопередающие устройства
_fА. Д. Епифанов
_gНар. ком. Воен.-Мор. Флота СССР. Глав. упр. ВВС ВМФ
210 _aМосква
_aЛенинград
_cизд. и 1-я типолит. Военмориздата
_d1945
_eМосква
215 _a159 с.
_cил., схем.
_d22 см.
700 1 _aЕпифанов
_bА.Д.
_gАндрей Дмитриевич
801 0 _aRU
_bNLR
_gpsbo
801 1 _aRU
_bELAR
_2rusmarc
852 _aNLR
_jТ94 Г-5/34
942 _cBOOK
945 _aРоссийская национальная библиотека
980 _aNB
980 _aBV